[Event "Landesliga Nord 0304"]
[Site "Bayern"]
[Date "2004.03.28"]
[Round "8.1"]
[White "Stickler, Andreas"]
[Black "Trefny, Vlastimil"]
[Result "1/2-1/2"]
[WhiteElo "2316"]
[BlackElo "2259"]
[PlyCount "31"]
[EventDate "2003.10.??"]
[EventType "team-tourn"]
[EventRounds "9"]
[EventCountry "GER"]
[SourceTitle "EXT 2006"]
[Source "ChessBase"]
[SourceDate "2005.11.24"]
[SourceVersion "1"]
[SourceVersionDate "2005.11.24"]
[SourceQuality "1"]
[WhiteTeam "Dettingen"]
[BlackTeam "Marktleuthen"]
[WhiteTeamCountry "GER"]
[BlackTeamCountry "GER"]

1. d4 d5 2. Nf3 Nf6 3. c4 c6 4. Nc3 e6 5. e3 Nbd7 6. Bd3 Bd6 7. 0-0 0-0 8. e4 dxc4 9. Bxc4 e5 10. Bg5 Qe7 11. d5 Nb6 12. Nd2 cxd5 13. Nxd5 Nbxd5 14. Bxd5 h6 15. Bxf6 Qxf6 16. Rc1 1/2-1/2

[Event "Landesliga Nord 0304"]
[Site "Bayern"]
[Date "2004.02.15"]
[Round "6.1"]
[White "Stickler, Andreas"]
[Black "Loos, Roland"]
[Result "0-1"]
[WhiteElo "2316"]
[BlackElo "2239"]
[PlyCount "76"]
[EventDate "2003.10.??"]
[EventType "team-tourn"]
[EventRounds "9"]
[EventCountry "GER"]
[SourceTitle "EXT 2006"]
[Source "ChessBase"]
[SourceDate "2005.11.24"]
[SourceVersion "1"]
[SourceVersionDate "2005.11.24"]
[SourceQuality "1"]
[WhiteTeam "Dettingen"]
[BlackTeam "Neutraubling"]
[WhiteTeamCountry "GER"]
[BlackTeamCountry "GER"]

1. d4 e6 2. Nf3 f5 3. g3 Nf6 4. Bg2 d5 5. 0-0 Bd6 6. b3 Qe7 7. Bb2 b6 8. Ne5 c6 9. Nd2 Bb7 10. c4 0-0 11. Rc1 a5 12. f3 c5 13. Kh1 Nbd7 14. e3 a4 15. Re1 axb3 16. axb3 Ra2 17. Bc3 Rfa8 18. Rc2 Qd8 19. Qb1 R2a7 20. Rcc1 Qe7 21. Qd3 Ra2 22. Ra1 Qd8 23. Rxa2 Rxa2 24. Ra1 Rxa1+ 25. Bxa1 Qc7 26. Nxd7 Qxd7 27. cxd5 Nxd5 28. Nc4 Qb5 29. Qd2 Qxb3 30. Bf1 Qb1 31. Qd3 Qxa1 32. Nxd6 Nxe3 33. Nxb7 c4 34. Qxe3 Qxf1+ 35. Qg1 Qxf3+ 36. Qg2 Qd1+ 37. Qg1 Qxg1+ 38. Kxg1 c3 0-1

[Event "Landesliga Nord 0304"]
[Site "Bayern"]
[Date "2003.12.14"]
[Round "4.1"]
[White "Trenchev, Jolo"]
[Black "Stickler, Andreas"]
[Result "0-1"]
[WhiteElo "2260"]
[BlackElo "2316"]
[PlyCount "64"]
[EventDate "2003.10.??"]
[EventType "team-tourn"]
[EventRounds "9"]
[EventCountry "GER"]
[SourceTitle "EXT 2006"]
[Source "ChessBase"]
[SourceDate "2005.11.24"]
[SourceVersion "1"]
[SourceVersionDate "2005.11.24"]
[SourceQuality "1"]
[WhiteTeam "Regensburg Fortuna II"]
[BlackTeam "Dettingen"]
[WhiteTeamCountry "GER"]
[BlackTeamCountry "GER"]

1. e4 c5 2. Nf3 e6 3. d4 cxd4 4. Nxd4 a6 5. Nc3 Qc7 6. Be2 b5 7. 0-0 Bb7 8. Bf3 Nc6 9. Re1 Ne5 10. Bf4 d6 11. Be2 Nf6 12. f3 Be7 13. a4 b4 14. Na2 0-0 15. c3 bxc3 16. Nxc3 Rfc8 17. Be3 d5 18. exd5 Nxd5 19. Nxd5 Bxd5 20. Rc1 Qb7 21. Rxc8+ Rxc8 22. Bf1 Nc4 23. Bf2 Nxb2 24. Qa1 Nc4 25. Nc2 Bf6 26. Bd4 Bxd4+ 27. Qxd4 a5 28. Bd3 Qb6 29. Bxc4 Qxd4+ 30. Nxd4 Rxc4 31. Nb3 Rxa4 32. Ra1 Bxb3 0-1

[Event "Landesliga Nord 0203"]
[Site "Bayern"]
[Date "2003.02.09"]
[Round "6.2"]
[White "Stickler, Andreas"]
[Black "Jirovsky, Pavel"]
[Result "1/2-1/2"]
[WhiteElo "2308"]
[BlackElo "2348"]
[PlyCount "60"]
[EventDate "2002.10.20"]
[EventType "team-tourn"]
[EventRounds "9"]
[EventCountry "GER"]
[SourceTitle "EXT 2004"]
[Source "ChessBase"]
[SourceDate "2003.11.25"]
[SourceVersion "1"]
[SourceVersionDate "2003.11.25"]
[SourceQuality "1"]
[WhiteTeam "Dettingen"]
[BlackTeam "Koetzting"]
[WhiteTeamCountry "GER"]
[BlackTeamCountry "GER"]

1. d4 d5 2. c4 e6 3. Nc3 Nf6 4. Bg5 Nbd7 5. e3 c6 6. cxd5 exd5 7. Bd3 Be7 8. Qc2 0-0 9. Nf3 Re8 10. 0-0 Nf8 11. Rab1 Be6 12. b4 Rc8 13. b5 c5 14. dxc5 Rxc5 15. Qd2 N6d7 16. Bxe7 Qxe7 17. Na4 Rcc8 18. Qb2 Bg4 19. Nd4 Ne5 20. Bf5 Bxf5 21. Nxf5 Qf6 22. Nd4 Nc4 23. Qb4 Nd7 24. Rfd1 Nde5 25. h3 Red8 26. Nc5 Rc7 27. Nd3 Nxd3 28. Rxd3 Rdc8 29. Rc1 g6 30. Rdc3 Qd8 1/2-1/2

[Event "Landesliga Nord 0203"]
[Site "Bayern"]
[Date "2002.10.20"]
[Round "1.2"]
[White "Stickler, Andreas"]
[Black "Giessmann, Stephan"]
[Result "1-0"]
[WhiteElo "2308"]
[BlackElo "2116"]
[PlyCount "71"]
[EventDate "2002.10.20"]
[EventType "team-tourn"]
[EventRounds "9"]
[EventCountry "GER"]
[SourceTitle "EXT 2004"]
[Source "ChessBase"]
[SourceDate "2003.11.25"]
[SourceVersion "1"]
[SourceVersionDate "2003.11.25"]
[SourceQuality "1"]
[WhiteTeam "Dettingen"]
[BlackTeam "Kelheim"]
[WhiteTeamCountry "GER"]
[BlackTeamCountry "GER"]

1. d4 d5 2. c4 e6 3. Nc3 Nf6 4. Bg5 Be7 5. e3 h6 6. Bh4 0-0 7. cxd5 exd5 8. Bd3 Be6 9. Qc2 b6 10. Nge2 c5 11. 0-0 Nc6 12. a3 Qd7 13. dxc5 bxc5 14. Rfd1 Qb7 15. Nf4 g5 16. Nxe6 fxe6 17. Bg3 Rfd8 18. Bb5 Bf8 19. Bxc6 Qxc6 20. Be5 Bg7 21. Ne2 Ne4 22. Bxg7 Kxg7 23. f3 Nf6 24. Nd4 Qa6 25. Qxc5 Re8 26. Qc7+ Kg8 27. h4 gxh4 28. Qe5 Kf7 29. Rac1 Rac8 30. f4 Rxc1 31. Rxc1 Rc8 32. Rf1 h3 33. Re1 hxg2 34. f5 exf5 35. Nxf5 Re8 36. Nd6+ 1-0

[Event "Landesliga Nord 0102"]
[Site "Bayern"]
[Date "2002.04.28"]
[Round "9.2"]
[White "Stickler, Andreas"]
[Black "Krug, Stefan"]
[Result "1/2-1/2"]
[WhiteElo "2295"]
[BlackElo "2120"]
[PlyCount "43"]
[EventDate "2001.10.07"]
[EventType "team-tourn"]
[EventRounds "9"]
[EventCountry "GER"]
[SourceTitle "EXT 2003"]
[Source "ChessBase"]
[SourceDate "2002.11.25"]
[SourceVersion "1"]
[SourceVersionDate "2002.11.25"]
[SourceQuality "1"]
[WhiteTeam "Dettingen"]
[BlackTeam "Bamberg II"]
[WhiteTeamCountry "GER"]
[BlackTeamCountry "GER"]

1. d4 d5 2. c4 e6 3. Nc3 Be7 4. Nf3 Nf6 5. Bg5 0-0 6. e3 h6 7. Bh4 b6 8. Qb3 Bb7 9. Bxf6 Bxf6 10. cxd5 exd5 11. Bd3 c5 12. dxc5 Nd7 13. c6 Bxc6 14. 0-0 Nc5 15. Qd1 Ne6 16. Rc1 d4 17. Ne4 Bxe4 18. Bxe4 Rc8 19. Rxc8 Qxc8 20. exd4 Nxd4 21. Nxd4 Qc4 22. b3 1/2-1/2

[Event "Landesliga Nord 0102"]
[Site "Bayern"]
[Date "2002.02.24"]
[Round "6.2"]
[White "Sinkovics, Peter"]
[Black "Stickler, Andreas"]
[Result "1-0"]
[WhiteElo "2335"]
[BlackElo "2295"]
[PlyCount "109"]
[EventDate "2001.10.07"]
[EventType "team-tourn"]
[EventRounds "9"]
[EventCountry "GER"]
[SourceTitle "EXT 2003"]
[Source "ChessBase"]
[SourceDate "2002.11.25"]
[SourceVersion "1"]
[SourceVersionDate "2002.11.25"]
[SourceQuality "1"]
[WhiteTeam "Koetzting"]
[BlackTeam "Dettingen"]
[WhiteTeamCountry "GER"]
[BlackTeamCountry "GER"]

1. d4 Nf6 2. Nf3 e6 3. e3 b6 4. Bd3 Bb7 5. 0-0 Be7 6. c4 0-0 7. Nc3 d5 8. b3 c5 9. dxc5 bxc5 10. Bb2 Nbd7 11. Qe2 Qa5 12. Rfd1 Rfd8 13. Rac1 Rac8 14. h3 Ne4 15. cxd5 exd5 16. Bxe4 dxe4 17. Nd2 Nf6 18. Nc4 Qa6 19. Rxd8+ Rxd8 20. Rd1 Rxd1+ 21. Qxd1 h6 22. a3 Qe6 23. Nb5 Nd5 24. Qg4 Qxg4 25. hxg4 a6 26. Nbd6 Ba8 27. Kf1 g6 28. Ke2 Nc7 29. Nc8 Bf8 30. Be5 Ne8 31. N8b6 Bc6 32. a4 f6 33. Bb2 Be7 34. Na5 Bd8 35. Nxc6 Bxb6 36. Nb8 Kf7 37. Nd7 Ba7 38. Ba3 Nc7 39. Bxc5 Bxc5 40. Nxc5 f5 41. gxf5 gxf5 42. Kd2 Ke7 43. Kc3 Kd6 44. Kd4 h5 45. g3 Nd5 46. Nxa6 Nf6 47. b4 Ng4 48. b5 Nxf2 49. Nb4 Kc7 50. Nd5+ Kb7 51. Nf4 Kb6 52. Nxh5 Nd3 53. Nf4 Nb2 54. Nd5+ Ka5 55. b6 1-0

[Event "Landesliga Nord 0001"]
[Site "Bayern"]
[Date "2001.01.28"]
[Round "5"]
[White "Stickler, Andreas"]
[Black "Rupprecht, Andreas"]
[Result "0-1"]
[WhiteElo "2295"]
[BlackElo "1970"]
[PlyCount "112"]
[EventDate "2000.10.15"]
[EventType "team-tourn"]
[EventRounds "9"]
[EventCountry "GER"]
[SourceTitle "EXT 2020"]
[Source "ChessBase"]
[SourceDate "2019.10.17"]
[SourceVersion "1"]
[SourceVersionDate "2019.10.17"]
[SourceQuality "1"]
[WhiteTeam "Dettingen"]
[BlackTeam "Neutraubling Wacker"]
[WhiteTeamCountry "GER"]
[BlackTeamCountry "GER"]

1. d4 Nf6 2. c4 g6 3. Nc3 Bg7 4. e4 0-0 5. Nf3 d6 6. Be2 c5 7. 0-0 cxd4 8. Nxd4 Nc6 9. Be3 Bd7 10. Qd2 Nxd4 11. Bxd4 Bc6 12. f3 a5 13. Rac1 a4 14. Nd5 Nd7 15. Bxg7 Kxg7 16. Qd4+ Kg8 17. Rfd1 Bxd5 18. cxd5 Qa5 19. Rc3 Rac8 20. Rdc1 Rc5 21. Rxc5 Nxc5 22. h4 e5 23. dxe6 Nxe6 24. Qe3 Qe5 25. Rc2 d5 26. Kf2 d4 27. Qc1 Qh2 28. Qg1 Qxh4+ 29. g3 Qf6 30. Kg2 h5 31. Qf2 Rd8 32. Rd2 h4 33. Bc4 hxg3 34. Qxg3 Nf4+ 35. Kf1 Rc8 36. b3 axb3 37. Bxb3 Rc1+ 38. Kf2 Kg7 39. Qh2 Qg5 40. Rxd4 Qc5 41. Qxf4 Qxd4+ 42. Ke2 Qb2+ 43. Qd2 Qxd2+ 44. Kxd2 Rc5 45. Kd3 f6 46. Kd4 b6 47. f4 g5 48. fxg5 fxg5 49. e5 g4 50. Ke4 g3 51. Kf3 Rc3+ 52. Kg2 b5 53. Bd5 b4 54. Bb3 Kg6 55. e6 Kf6 56. Kh3 Rxb3 0-1

[Event "Landesliga Nord 0001"]
[Site "Bayern"]
[Date "2000.12.10"]
[Round "3"]
[White "Stickler, Andreas"]
[Black "Liepold, Stefan"]
[Result "1-0"]
[WhiteElo "2295"]
[BlackElo "2180"]
[PlyCount "71"]
[EventDate "2000.10.15"]
[EventType "team-tourn"]
[EventRounds "9"]
[EventCountry "GER"]
[SourceTitle "EXT 2020"]
[Source "ChessBase"]
[SourceDate "2019.10.17"]
[SourceVersion "1"]
[SourceVersionDate "2019.10.17"]
[SourceQuality "1"]
[WhiteTeam "Dettingen"]
[BlackTeam "Erlangen TB"]
[WhiteTeamCountry "GER"]
[BlackTeamCountry "GER"]

1. c4 e5 2. Nc3 Nc6 3. g3 g6 4. Bg2 d6 5. d3 Bg7 6. e4 Nh6 7. Nge2 0-0 8. h3 f5 9. Be3 g5 10. exf5 Nxf5 11. Bd2 h6 12. 0-0 Be6 13. Nd5 Qd7 14. Kh2 Rf7 15. Nec3 Raf8 16. Qh5 Nfd4 17. f4 exf4 18. gxf4 g4 19. hxg4 Bxg4 20. Qh4 h5 21. Ne4 Nf5 22. Qf2 Bd4 23. Qe1 Nd8 24. Ne3 Nxe3 25. Bxe3 Bxe3 26. Qxe3 c6 27. Ng5 Re7 28. Be4 d5 29. cxd5 cxd5 30. Bxd5+ Kg7 31. Be4 Nc6 32. Rac1 Qd6 33. Kg2 Nd4 34. Rc4 Nf5 35. Qc1 Nd4 36. Qc3 1-0

[Event "Regionalliga NW 9900"]
[Site "Bayern"]
[Date "2000.??.??"]
[Round "5.1"]
[White "Horther, Heinrich"]
[Black "Stickler, Andreas"]
[Result "1/2-1/2"]
[WhiteElo "2215"]
[BlackElo "2310"]
[PlyCount "56"]
[EventDate "1999.??.??"]
[EventType "team-tourn"]
[EventRounds "9"]
[EventCountry "GER"]
[SourceTitle "EXT 2020"]
[Source "ChessBase"]
[SourceDate "2019.10.17"]
[SourceVersion "1"]
[SourceVersionDate "2019.10.17"]
[SourceQuality "1"]
[WhiteTeam "Kronach"]
[BlackTeam "Dettingen"]
[WhiteTeamCountry "GER"]
[BlackTeamCountry "GER"]

1. e4 c5 2. c3 d6 3. d4 Nf6 4. dxc5 Nc6 5. Nd2 dxc5 6. Ngf3 g6 7. Bc4 Bg7 8. 0-0 0-0 9. Re1 Ng4 10. Qc2 Qc7 11. Nf1 b6 12. Bg5 Nce5 13. Nxe5 Nxe5 14. Be2 Bb7 15. Rad1 Rad8 16. Ne3 Rxd1 17. Rxd1 e6 18. f3 f6 19. Bh4 Rd8 20. Bg3 Rxd1+ 21. Qxd1 Qd7 22. Bxe5 Qxd1+ 23. Bxd1 fxe5 24. Nc4 Kf8 25. Nd6 Ba6 26. Bb3 Ke7 27. Bc4 Kxd6 28. Bxa6 Bh6 1/2-1/2

[Event "Regionalliga NW 9899"]
[Site "Bayern"]
[Date "1999.??.??"]
[Round "8.1"]
[White "Breithut, Kurt Georg"]
[Black "Stickler, Andreas"]
[Result "0-1"]
[WhiteElo "2095"]
[BlackElo "2310"]
[PlyCount "132"]
[EventDate "1998.??.??"]
[EventType "team-tourn"]
[EventRounds "9"]
[EventCountry "GER"]
[SourceTitle "EXT 2020"]
[Source "ChessBase"]
[SourceDate "2019.10.17"]
[SourceVersion "1"]
[SourceVersionDate "2019.10.17"]
[SourceQuality "1"]
[WhiteTeam "Coburg"]
[BlackTeam "Dettingen"]
[WhiteTeamCountry "GER"]
[BlackTeamCountry "GER"]

1. e4 Nf6 2. Nc3 d5 3. e5 Nfd7 4. e6 fxe6 5. d4 c5 6. dxc5 Nc6 7. Be3 Nf6 8. g4 d4 9. g5 dxe3 10. gxf6 exf2+ 11. Kxf2 Qxd1 12. Rxd1 exf6 13. Ne4 Bd7 14. Nd6+ Bxd6 15. cxd6 Ne5 16. Bg2 Rc8 17. c3 Bc6 18. Nf3 Nxf3 19. Bxf3 Kd7 20. Rd3 Bxf3 21. Kxf3 Rc6 22. Rhd1 Rhc8 23. h4 g6 24. Kg3 Ra6 25. a3 Rcc6 26. Rf1 f5 27. Kf4 Ra4+ 28. Ke5 Re4+ 29. Kf6 Rxd6 30. Rfd1 Rxd3 31. Rxd3+ Ke8 32. c4 Rxc4 33. h5 Rc6 34. h6 e5+ 35. Kxe5 Ke7 36. b4 Re6+ 37. Kf4 Re4+ 38. Kg3 Kf6 39. Rd7 Re7 40. Rd3 Kg5 41. b5 Kxh6 42. Kf4 Re4+ 43. Kf3 b6 44. Rd7 Ra4 45. Rf7 Kg5 46. Rxh7 Rxa3+ 47. Kf2 Kg4 48. Rd7 f4 49. Rd2 g5 50. Rb2 Rf3+ 51. Kg2 Rg3+ 52. Kf2 Rh3 53. Kg1 f3 54. Rb4+ Kg3 55. Rb3 g4 56. Ra3 Rh5 57. Rb3 Rc5 58. Rb1 Rc3 59. Kf1 Re3 60. Rb2 Re2 61. Rb3 Ra2 62. Ke1 Ra1+ 63. Kd2 Kg2 64. Rb2 f2 65. Ke3 Kg3 66. Rxf2 Ra3+ 0-1

[Event "Regionalliga NW 9899"]
[Site "Bayern"]
[Date "1999.??.??"]
[Round "9.1"]
[White "Stickler, Andreas"]
[Black "Solomunovic, Igor"]
[Result "0-1"]
[WhiteElo "2310"]
[BlackElo "2370"]
[PlyCount "76"]
[EventDate "1998.??.??"]
[EventType "team-tourn"]
[EventRounds "9"]
[EventCountry "GER"]
[SourceTitle "EXT 2020"]
[Source "ChessBase"]
[SourceDate "2019.10.17"]
[SourceVersion "1"]
[SourceVersionDate "2019.10.17"]
[SourceQuality "1"]
[WhiteTeam "Dettingen"]
[BlackTeam "Burgsinn"]
[WhiteTeamCountry "GER"]
[BlackTeamCountry "GER"]

1. d4 Nf6 2. c4 g6 3. Nc3 d5 4. cxd5 Nxd5 5. e4 Nxc3 6. bxc3 Bg7 7. Be3 c5 8. Qd2 Qa5 9. Rc1 0-0 10. Nf3 Nd7 11. Bd3 e5 12. dxe5 Nxe5 13. Nxe5 Bxe5 14. 0-0 Rd8 15. Qc2 Bd7 16. Bc4 Ba4 17. Qb2 Bc6 18. Bg5 Rd7 19. f4 Bg7 20. e5 Kh8 21. Rcd1 Rxd1 22. Rxd1 h6 23. Be7 g5 24. Qd2 Qa4 25. Bxf7 gxf4 26. Bb3 Qe4 27. Bc2 Qxe5 28. Qd8+ Rxd8 29. Rxd8+ Bf8 30. Rxf8+ Kg7 31. Bf6+ Qxf6 32. Rxf6 Kxf6 33. Kf2 Ke5 34. g4 fxg3+ 35. hxg3 Be4 36. Bb3 Bd5 37. c4 Be6 38. Ke3 a6 0-1

[Event "Regionalliga NW 9798"]
[Site "Bayern"]
[Date "1998.??.??"]
[Round "?.1"]
[White "Djeno, Drago"]
[Black "Stickler, Andreas"]
[Result "1/2-1/2"]
[WhiteElo "2095"]
[BlackElo "2295"]
[PlyCount "96"]
[EventDate "1997.10.??"]
[EventType "team-tourn"]
[EventRounds "9"]
[EventCountry "GER"]
[SourceTitle "EXT 2020"]
[Source "ChessBase"]
[SourceDate "2019.10.17"]
[SourceVersion "1"]
[SourceVersionDate "2019.10.17"]
[SourceQuality "1"]
[WhiteTeam "Kronach"]
[BlackTeam "Dettingen"]
[WhiteTeamCountry "GER"]
[BlackTeamCountry "GER"]

1. c4 e5 2. Nc3 Nc6 3. Nf3 f5 4. d3 Nf6 5. g3 g6 6. Bg2 Bg7 7. 0-0 0-0 8. Rb1 a5 9. a3 d6 10. b4 axb4 11. axb4 Kh8 12. Bg5 Ne7 13. Nd5 Nexd5 14. cxd5 h6 15. Bxf6 Bxf6 16. Nd2 Bd7 17. Nc4 b6 18. e4 Ra4 19. b5 Ra2 20. Rb3 Qa8 21. Qc1 Kh7 22. Na3 Bd8 23. Qc3 f4 24. Nc2 Ra5 25. Rfb1 Qa7 26. Na3 fxg3 27. hxg3 Bg5 28. Nc4 Ra2 29. R3b2 Rxb2 30. Qxb2 Ra8 31. Bf1 Qa2 32. Qxa2 Rxa2 33. Rb3 h5 34. Rc3 Bd8 35. Na3 Rb2 36. f4 h4 37. fxe5 dxe5 38. gxh4 Kh6 39. Nc4 Rxb5 40. Nxe5 Be8 41. d4 Rb4 42. Nc6 Bxc6 43. Rxc6 Rxd4 44. Re6 Bxh4 45. Bb5 Kg7 46. Be8 g5 47. Kg2 Kf8 48. Bh5 Rc4 1/2-1/2

[Event "Bundesliga 9394"]
[Site "Germany"]
[Date "1994.05.08"]
[Round "14.4"]
[White "Stickler, Andreas"]
[Black "Reschke, Stefan"]
[Result "0-1"]
[WhiteElo "2245"]
[BlackElo "2390"]
[PlyCount "102"]
[EventDate "1993.11.06"]
[EventType "team-tourn"]
[EventRounds "15"]
[EventCountry "GER"]
[SourceTitle "GER-chT"]
[Source "ChessBase"]
[SourceDate "1999.07.01"]
[SourceVersion "1"]
[SourceVersionDate "1999.07.01"]
[SourceQuality "1"]
[WhiteTeam "Bamberg"]
[BlackTeam "Koblenz"]
[WhiteTeamCountry "GER"]
[BlackTeamCountry "GER"]

1. d4 Nf6 2. c4 g6 3. Nf3 Bg7 4. Nc3 0-0 5. Bf4 Nh5 6. Bg5 h6 7. Bh4 g5 8. Bg3 c5 9. e3 Nxg3 10. hxg3 Nc6 11. d5 Nb4 12. a3 Na6 13. Qc2 e6 14. d6 g4 15. Nd2 Qg5 16. Nde4 Qg6 17. 0-0-0 b6 18. Bd3 f5 19. Nd2 Bb7 20. f4 Bxg2 21. Rh2 Bb7 22. e4 Nb8 23. exf5 exf5 24. Nd5 Nc6 25. Nb3 Rae8 26. Rdh1 Qxd6 27. Bxf5 Ne7 28. Nxe7+ Rxe7 29. Rd1 Qf6 30. Bxg4 Re3 31. Rxd7 Be4 32. Qd1 Rxg3 33. Bh3 Rxh3 34. Rxg7+ Kxg7 35. Rxh3 Qxf4+ 36. Nd2 Rd8 37. Qg1+ Bg6 38. Qe3 Qxe3 39. Rxe3 Re8 40. Nf1 Rxe3 41. Nxe3 Be4 42. Kd2 h5 43. Nf1 Kf6 44. Ke3 Ke5 45. b4 h4 46. Nh2 Kf5 47. Nf1 Bg2 48. Nh2 a5 49. bxa5 bxa5 50. Kf2 h3 51. Ke3 a4 0-1

[Event "Bundesliga 9394"]
[Site "Germany"]
[Date "1994.03.19"]
[Round "10.5"]
[White "Stickler, Andreas"]
[Black "Buecker, Stefan"]
[Result "0-1"]
[WhiteElo "2245"]
[BlackElo "2335"]
[PlyCount "78"]
[EventDate "1993.11.06"]
[EventType "team-tourn"]
[EventRounds "15"]
[EventCountry "GER"]
[SourceTitle "GER-chT"]
[Source "ChessBase"]
[SourceDate "1999.07.01"]
[SourceVersion "1"]
[SourceVersionDate "1999.07.01"]
[SourceQuality "1"]
[WhiteTeam "Bamberg"]
[BlackTeam "Dortmund"]
[WhiteTeamCountry "GER"]
[BlackTeamCountry "GER"]

1. d4 c5 2. d5 Nf6 3. Nc3 Qa5 4. Bd2 b5 5. e4 b4 6. e5 bxc3 7. Bxc3 Qb6 8. exf6 gxf6 9. g3 Na6 10. Bg2 Bb7 11. Ne2 Qd6 12. Qd2 h5 13. Qf4 Qxf4 14. Nxf4 h4 15. 0-0 Nb4 16. a3 Nxc2 17. Rac1 Nd4 18. Bxd4 cxd4 19. Rfd1 Rc8 20. d6 Bc6 21. dxe7 Bg7 22. Rxd4 f5 23. Rb4 hxg3 24. hxg3 a5 25. Rb3 Kxe7 26. Bxc6 Rxc6 27. Re1+ Kd6 28. Rb7 Rc7 29. Rb5 a4 30. Rd5+ Kc6 31. Ra5 Bxb2 32. Rxa4 Rb8 33. Ra6+ Kb5 34. Rh6 Rc1 35. Rxc1 Bxc1 36. Rh5 Bxa3 37. Rxf5+ Kc4 38. Rxf7 d5 39. Rc7+ Kd4 0-1

[Event "Bundesliga 9394"]
[Site "Germany"]
[Date "1994.02.27"]
[Round "9.7"]
[White "Stickler, Andreas"]
[Black "Lieb, Harald"]
[Result "1-0"]
[WhiteElo "2245"]
[BlackElo "2275"]
[PlyCount "75"]
[EventDate "1993.11.06"]
[EventType "team-tourn"]
[EventRounds "15"]
[EventCountry "GER"]
[SourceTitle "GER-chT"]
[Source "ChessBase"]
[SourceDate "1999.07.01"]
[SourceVersion "1"]
[SourceVersionDate "1999.07.01"]
[SourceQuality "1"]
[WhiteTeam "Bamberg"]
[BlackTeam "Zehlendorf"]
[WhiteTeamCountry "GER"]
[BlackTeamCountry "GER"]

1. d4 d5 2. c4 c6 3. Nf3 Nf6 4. Nc3 dxc4 5. a4 Bf5 6. e3 e6 7. Bxc4 Bb4 8. 0-0 0-0 9. Qe2 Bg6 10. Ne5 Nbd7 11. Nxg6 hxg6 12. Rd1 Nd5 13. Na2 Be7 14. e4 N5b6 15. Bb3 a5 16. Be3 Nb8 17. Nc3 N6d7 18. d5 exd5 19. exd5 c5 20. d6 Bf6 21. Qg4 Ne5 22. Qe4 Nbd7 23. Nd5 Ra6 24. Ne7+ Bxe7 25. dxe7 Qxe7 26. Rxd7 Qxd7 27. Qxe5 b6 28. Rd1 Qc8 29. Bc4 Ra7 30. Qd6 Qg4 31. b3 Rb7 32. h3 Qf5 33. Rd5 Qf6 34. Bg5 Qa1+ 35. Rd1 Qc3 36. Qd5 Ra7 37. Qd6 Rb7 38. Qxf8+ 1-0

[Event "Bundesliga 9394"]
[Site "Germany"]
[Date "1993.12.04"]
[Round "3.6"]
[White "Pezerovic, Edin"]
[Black "Stickler, Andreas"]
[Result "1-0"]
[WhiteElo "2400"]
[BlackElo "2245"]
[PlyCount "113"]
[EventDate "1993.11.06"]
[EventType "team-tourn"]
[EventRounds "15"]
[EventCountry "GER"]
[SourceTitle "GER-chT"]
[Source "ChessBase"]
[SourceDate "1999.07.01"]
[SourceVersion "1"]
[SourceVersionDate "1999.07.01"]
[SourceQuality "1"]
[WhiteTeam "Muenchen 36"]
[BlackTeam "Bamberg"]
[WhiteTeamCountry "GER"]
[BlackTeamCountry "GER"]

1. Nf3 c5 2. c4 Nf6 3. Nc3 e6 4. d4 cxd4 5. Nxd4 a6 6. g3 Nc6 7. Bg2 Qb6 8. Nc2 d6 9. 0-0 Be7 10. b3 0-0 11. Bb2 Bd7 12. e4 Rab8 13. Qe2 Qa5 14. a3 b5 15. b4 Qb6 16. Ne3 Ne5 17. Rfc1 Nxc4 18. Nxc4 bxc4 19. Qxc4 Ng4 20. Nd1 Rfc8 21. Qd4 Qxd4 22. Bxd4 Ne5 23. Bxe5 dxe5 24. Bf1 Bb5 25. Nb2 Bg5 26. Rxc8+ Rxc8 27. Bxb5 axb5 28. Nd3 f6 29. Nc5 Rc6 30. Rd1 f5 31. Rd7 fxe4 32. Nxe4 Bc1 33. Nd6 h5 34. Nxb5 Ra6 35. Rd1 Bb2 36. Rd2 Bd4 37. Kg2 Kf7 38. Kf3 Ke7 39. Nxd4 exd4 40. Ke4 Rxa3 41. Kxd4 Kd6 42. Ke4+ Ke7 43. Rb2 Kd6 44. b5 Ra4+ 45. Ke3 Kc7 46. b6+ Kb7 47. f4 Ra5 48. h4 Ra3+ 49. Kf2 Ra6 50. Rb5 Ra2+ 51. Kf3 Ra3+ 52. Kg2 Ra8 53. Rxh5 Kxb6 54. Re5 Ra7 55. Rxe6+ Kc5 56. Kf3 Kd5 57. Re5+ 1-0

[Event "Bundesliga 9394"]
[Site "Germany"]
[Date "1993.11.07"]
[Round "2.7"]
[White "Kassebaum, Roman"]
[Black "Stickler, Andreas"]
[Result "1/2-1/2"]
[WhiteElo "2355"]
[BlackElo "2245"]
[PlyCount "42"]
[EventDate "1993.11.06"]
[EventType "team-tourn"]
[EventRounds "15"]
[EventCountry "GER"]
[SourceTitle "GER-chT"]
[Source "ChessBase"]
[SourceDate "1999.07.01"]
[SourceVersion "1"]
[SourceVersionDate "1999.07.01"]
[SourceQuality "1"]
[WhiteTeam "Bochum"]
[BlackTeam "Bamberg"]
[WhiteTeamCountry "GER"]
[BlackTeamCountry "GER"]

1. e4 c5 2. Nf3 e6 3. Nc3 a6 4. d4 cxd4 5. Nxd4 Qc7 6. g3 Bb4 7. Bd2 Nf6 8. Bg2 Nc6 9. Nb3 0-0 10. 0-0 Be7 11. a4 d6 12. f4 Rb8 13. g4 b5 14. g5 Nd7 15. axb5 axb5 16. Qh5 g6 17. Qh4 b4 18. Nd1 f6 19. Bh3 Nc5 20. Nxc5 dxc5 21. gxf6 Bxf6 1/2-1/2

[Event "BL2-Ost 9293"]
[Site "Germany"]
[Date "1993.??.??"]
[Round "?.6"]
[White "Dietze, Wolfgang"]
[Black "Stickler, Andreas"]
[Result "1/2-1/2"]
[WhiteElo "2285"]
[BlackElo "2250"]
[PlyCount "40"]
[EventDate "1992.10.??"]
[EventType "team-tourn"]
[EventRounds "9"]
[EventCountry "GER"]
[SourceTitle "GER-chT2"]
[Source "ChessBase"]
[SourceDate "1999.07.01"]
[SourceVersion "1"]
[SourceVersionDate "1999.07.01"]
[SourceQuality "1"]
[WhiteTeam "Halle"]
[BlackTeam "Bamberg"]
[WhiteTeamCountry "GER"]
[BlackTeamCountry "GER"]

1. d4 Nf6 2. Nf3 e6 3. c4 Bb4+ 4. Bd2 Qe7 5. a3 Bxd2+ 6. Qxd2 0-0 7. Nc3 d6 8. e3 b6 9. Be2 Bb7 10. Qc2 c5 11. 0-0 cxd4 12. Nxd4 Nbd7 13. Bf3 Ne5 14. Bxb7 Qxb7 15. b3 a6 16. Rac1 Rac8 17. Qe2 Rfd8 18. e4 Ned7 19. Rfe1 g6 20. h3 Nc5 1/2-1/2